Normal view
MARC view
- Lebanon
Entry Geographic Name
001 - CONTROL NUMBER
- control field: 10421
003 - CONTROL NUMBER IDENTIFIER
- control field: NUST
005 - DATE AND TIME OF LATEST TRANSACTION
- control field: 20180521075921.0
008 - FIXED-LENGTH DATA ELEMENTS
- fixed length control field: 180521|| aca||aabn | a|a d
040 ## - CATALOGING SOURCE
- Original cataloging agency: NUST
- Transcribing agency: NUST
151 ## - HEADING--GEOGRAPHIC NAME
- Geographic name: Lebanon
- General subdivision: History
- Chronological subdivision: Israeli intervention, 1982-1985.
670 ## - SOURCE DATA FOUND
- Source citation: Work cat.: (NUST)0: Friedman, Thomas L. 10417, From Beirut to Jerusalem /, 1989.
